| 000 | 00631nam a2200169Ia 4500 | ||
|---|---|---|---|
| 008 | 100122s9999 xx 000 0 und d | ||
| 082 |
_b73333 _a920.72 |
||
| 100 | _aशाळीग्राम सुषमा | ||
| 245 | _aमहाभारतातील मातृवंदना | ||
| 250 | _a1 | ||
| 260 |
_bमेहता पब्लिशिंग हाऊस _c2007 |
||
| 300 | _a94 | ||
| 630 | _aमहाभारतातील मातृवंदना | ||
| 700 | _aशाळीग्राम सुषमा | ||
| 730 | _aमहाभारतातील मातृवंदना | ||
| 942 | _cBOOK | ||
| 999 |
_c389288 _d389285 |
||